[Event "Karnataka State Open-ch 2018"]
[Site "Bengaluru"]
[Date "2018.04.18"]
[Round "10"]
[White "Sameer, Ghotane"]
[Black "Nitish Bhat"]
[Result "1/2-1/2"]
[WhiteElo "1881"]
[BlackElo "1637"]
[Annotator "NA RC"]
[PlyCount "170"]
[EventDate "2018.??.??"]
[EventType "swiss"]
[EventCountry "IND"]
[SourceTitle "playchess.com"]
[Source "ChessBase"]
[SourceQuality "1"]
[TimeControl "5400+30"]

{[%evp 14,157,25,32767,32767,32767,32767,32767,32767,41,71,34,21,-64,-87,-133,-124,-135,0,-198,-177,-215,-166,-221,-224,-203,-239,-250,-250,-240,-97,-76,-13,-24,31,-32,-35,-35,0,-48,-19,-56,32767,-118,-119,-114,-108,-132,32767,-224,-201,-213,-212,-212,-220,-279,-111,-117,-123,-110,-129,-117,-122,-126,-126,-208,-187,-159,-138,-160,-123,-163,-161,-188,-29,-46,-32,-425,-35,-222,-226,-185,-187,-277,-66,-77,0,0,0,0,0,32767,32767,32767,32767,0,0,0,0,0,0,32767,32767,32767,32767,32767,0,0,0,0,32767,32767,32767,32767,0,32767,32767,32767,32767,32767,32,45,32767,32767,32767,32767,70,66,8,45,32767,32767,32767,32767,32767,32767,32767,32767,32767,32767,32767,32767,32767,8,70,8]} 1. d4 {[%emt 0:00:00]} Nf6 {[%emt 0:00:05]} 2. c4 {[%emt 0:00:00]} g6 {[%emt 0:00:03]} 3. Nc3 {[%emt 0:00:00]} Bg7 {[%emt 0:00:02]} 4. Nf3 {[%emt 0:00:00]} d6 {[%emt 0:00:03]} 5. e4 {[%emt 0:00:01]} O-O {[%emt 0:00:05]} 6. Be2 {[%emt 0:00:02]} e5 {[%emt 0:00:09]} 7. O-O {[%emt 0:00:05]} Nbd7 {[%emt 0:01:26] LiveBook: 5018 Games} 8. Be3 {[%emt 0:03:13]} a5 {[%emt 0:03:01]} 9. dxe5 {[%emt 0:00:38]} dxe5 {[%emt 0:00:55]} 10. Nd2 {[%emt 0:00:20] E94: King's Indian: Classical: 6 Be2 e5 7 0-0: Various Black 7th moves} (10. h3 c6 11. Qc2 Qe7 12. Na4 Nh5 13. c5 Nf4 14. Rad1 f5 15. Bxf4 exf4 16. exf5 Rxf5 17. Bd3 Rh5 {1-0 (32) Zhou,J (2609)-Sasikiran,K (2720) Zaozhuang 2012}) 10... c6 {[%emt 0:01:36]} 11. Rc1 $146 {[%emt 0:05:31]} ({Predecessor:} 11. Qc2 Qe7 12. Na4 Ne8 13. c5 Nc7 14. Bc4 Kh8 15. Rfd1 f5 16. f3 Nf6 17. Nb6 Rb8 18. Rac1 fxe4 19. Nxe4 Nxe4 20. fxe4 Bg4 21. Rd6 {½-½ (21) Stanojevic,B (2247)-Bogic,S (2199) Kac 2014}) 11... Qe7 {[%emt 0:02:37]} 12. c5 {[%emt 0:00:45]} Rd8 $1 {[%emt 0:07:44]} 13. Qc2 {[%emt 0:00:45]} ({Better is} 13. Na4 $11) 13... Nxc5 {[%emt 0:02:10]} 14. Nd5 {[%emt 0:05:14]} (14. Rfd1 $15) 14... cxd5 {[%emt 0:00:17]} 15. Bxc5 {[%emt 0:00:03]} Qe8 {[%emt 0:02:41]} (15... Qe6 $17 16. Qb3 dxe4) 16. exd5 $2 {[%emt 0:02:38]} (16. Bb6 $11) 16... Nxd5 {[%emt 0:03:24]} 17. Rfd1 {[%emt 0:02:19]} b6 {[%emt 0:00:53]} 18. Ba3 {[%emt 0:00:24]} Bf5 {[%emt 0:01:22]} 19. Qb3 {[%emt 0:00:39]} a4 {[%emt 0:04:57]} 20. Qb5 {[%emt 0:08:24]} Qxb5 {[%emt 0:00:25]} 21. Bxb5 {[%emt 0:00:02]} Ra5 {[%emt 0:01:45]} (21... Bh6 $19 {is more deadly.} 22. h3 {[#]} Ne3 $1 {[%mdl 512]} 23. fxe3 Bxe3+ 24. Kf1 Bxd2) 22. Bc6 {[%emt 0:01:03]} Nf4 {[%emt 0:00:20]} (22... Bh6 $17 23. Nc4 Bxc1 24. Nxa5 bxa5 25. Rxc1 Nf4) 23. Nc4 {[%emt 0:00:20]} Rc8 {[%emt 0:07:58]} 24. Nxb6 {[%emt 0:10:09]} (24. Bb7 $11 Ne2+ 25. Kf1 Nxc1 26. Bxc8 Bd3+ 27. Ke1 Bxc4 28. Rd8+ Bf8 29. Bxf8) 24... Rb8 {[%emt 0:01:12]} 25. Rc4 {[%emt 0:03:20]} Ne2+ {[%emt 0:02:15]} 26. Kh1 {[%emt 0:02:17]} (26. Kf1 $5 {[%cal Rf1e2]} Nd4 27. Bd7 $11) 26... Nd4 {[%emt 0:00:28]} 27. Nd5 {[%emt 0:09:53]} Be6 {[%emt 0:09:04]} 28. Rb4 {[%emt 0:08:23] [#]} Rxb4 $1 {[%emt 0:12:50]} ({Avoid the trap} 28... Nxc6 $2 {[#]} 29. Ne7+ $1 {[%mdl 512]} Kh8 30. Rxb8+ Nxb8 31. Rd8+ Bf8 32. Rxf8+ Kg7 33. Rxb8 $18) 29. Nxb4 {[%emt 0:02:26]} Bf8 {[%emt 0:02:23]} 30. Be4 {[%emt 0:01:40]} Rb5 {[%emt 0:01:16]} 31. Nd3 {[%emt 0:03:00]} (31. Nc6 $17 {is a better defense.}) 31... Bxa3 {[%emt 0:00:37]} 32. bxa3 {[%emt 0:00:07]} f5 {[%emt 0:00:28]} ({Don't take} 32... Bxa2 33. Nb4) 33. Ba8 {[%emt 0:02:23]} Bxa2 {[%emt 0:02:24]} 34. h4 {[%emt 0:00:20]} Nc2 {[%emt 0:07:41]} (34... Bb3 $19 {has better winning chances.} 35. Rc1 Nc2) 35. Bc6 {[%emt 0:02:36]} Ra5 {[%emt 0:02:48]} 36. Nb4 {[%emt 0:14:05]} Bb3 {[%emt 0:00:03]} 37. Nxc2 {[%emt 0:01:36]} Bxc2 {[%emt 0:00:05]} 38. Rd7 {[%emt 0:01:14]} Bb3 {[%emt 0:00:21]} 39. f3 {[%emt 0:05:22]} Rc5 {[%emt 0:00:15]} 40. Bb7 {[%emt 0:00:58]} Rc1+ {[%emt 0:00:46]} 41. Kh2 {[%emt 0:00:03]} Rc3 {[%emt 0:03:26]} 42. h5 {[%emt 0:00:57]} gxh5 {[%emt 0:00:24]} 43. Kg3 {[%emt 0:00:24]} e4 $2 {[%emt 0:00:52]} (43... Kf8 $19 44. Kh4 h6 45. Kxh5 Be6) 44. Kf4 $1 {[%emt 0:00:37]} e3 {[%emt 0:01:00]} 45. Kxf5 $2 {[%emt 0:01:56] [#]} (45. Re7 $15) 45... Kf8 $2 {[%emt 0:07:37]} (45... Bc4 $1 $19 46. Be4 Bb5) 46. Ba6 $2 {[%emt 0:01:18]} (46. Kf6 $11 {and White has nothing to worry.} Ke8 47. Rxh7) 46... Rc6 {[%emt 0:00:26]} 47. Ra7 {[%emt 0:02:37] [#]} (47. Ke4 $142 Re6+ 48. Kd4) 47... Bd1 $2 {[%emt 0:04:09]} (47... Rxa6 $1 {[%mdl 512]} 48. Rxa6 e2 49. Ra8+ Ke7 50. Ra7+ Ke8 51. Ra8+ Ke7 52. Ra7+ Kd6 53. Ra6+ Ke7 54. Ra7+) 48. Bb5 {[%emt 0:01:15]} (48. Ra8+ $142 Ke7 49. Kf4) 48... Bc2+ $2 {[%emt 0:02:11]} ({Black should play} 48... e2 $19 49. Bxe2 Bxe2 50. Rxa4 Rg6) 49. Kf4 {[%emt 0:00:24]} Re6 {[%emt 0:00:10]} 50. Be2 {[%emt 0:00:15]} h4 {[%emt 0:00:50]} 51. Rc7 {[%emt 0:00:07]} Bd1 {[%emt 0:03:41]} 52. Bxd1 {[%emt 0:00:41]} e2 {[%emt 0:00:03]} 53. Bxe2 {[%emt 0:00:14]} Rxe2 {[%emt 0:00:04]} 54. Rxh7 {[%emt 0:01:39]} Rxg2 {[%emt 0:00:09]} 55. Kf5 {[%emt 0:00:22]} Ra2 {[%emt 0:00:21]} 56. f4 $1 {[%emt 0:00:28]} Rxa3 {[%emt 0:00:08]} 57. Rxh4 {[%emt 0:00:13]} Ra1 {[%emt 0:00:25]} 58. Kf6 {[%emt 0:00:10]} Kg8 {[%emt 0:00:02]} 59. f5 {[%emt 0:00:02]} a3 {[%emt 0:00:28]} 60. Rg4+ {[%emt 0:00:09]} Kf8 {[%emt 0:00:48]} 61. Ra4 {[%emt 0:00:01]} Kg8 {[%emt 0:00:20]} 62. Ra8+ {[%emt 0:00:11]} Kh7 {[%emt 0:00:08]} 63. Kf7 {[%emt 0:00:05]} Rb1 {[%emt 0:01:32]} 64. Rxa3 {[%emt 0:00:09]} Rb7+ {[%emt 0:00:03]} 65. Kf6 {[%emt 0:00:04]} Rb6+ {[%emt 0:00:04]} 66. Kg5 {[%emt 0:00:04]} Kg8 {[%emt 0:00:58]} 67. Re3 {[%emt 0:00:07]} Kf7 {[%emt 0:00:18]} 68. Rh3 {[%emt 0:00:02]} Kg7 {[%emt 0:00:26]} 69. Rh1 {[%emt 0:00:06]} Ra6 {[%emt 0:00:08]} ({Better is} 69... Rb2 $11) 70. Rb1 {[%emt 0:00:02]} Kf8 {[%emt 0:00:38]} 71. Rb8+ {[%emt 0:00:03]} Kg7 {[%emt 0:00:13]} 72. Rc8 {[%emt 0:00:09]} Rb6 {[%emt 0:00:11]} 73. Rd8 {[%emt 0:00:03]} Ra6 {[%emt 0:00:32]} 74. Re8 {[%emt 0:00:02]} Kf7 {[%emt 0:00:19]} 75. Rh8 {[%emt 0:00:10]} Kg7 {[%emt 0:00:12]} 76. Re8 {[%emt 0:00:07]} Kf7 {[%emt 0:00:08]} 77. Rb8 {[%emt 0:00:12]} Rc6 {[%emt 0:00:14]} 78. Rb7+ {[%emt 0:00:17]} Kf8 {[%emt 0:00:23]} 79. Kf4 $11 {[%emt 0:00:27]} Ra6 {[%emt 0:00:24]} 80. Ke5 {[%emt 0:00:01]} Ra5+ {[%emt 0:00:32]} 81. Kf6 {[%emt 0:00:02]} Ra6+ {[%emt 0:00:05]} 82. Kg5 {[%emt 0:00:01]} Rc6 {[%emt 0:00:16]} 83. Rb8+ {[%emt 0:00:30]} Kf7 {[%emt 0:00:14]} 84. Rb7+ {[%emt 0:00:02]} Kf8 {[%emt 0:00:07]} 85. f6 {[%emt 0:00:01]} Rc1 {[%emt 0:00:09]} 1/2-1/2

[Event "Karnataka State Open-ch 2018"]
[Site "Bengaluru"]
[Date "2018.04.18"]
[Round "10"]
[White "Sanjay Sindhia, MH."]
[Black "Raducanu, Andrei-Augustin"]
[Result "0-1"]
[WhiteElo "1761"]
[BlackElo "2063"]
[Annotator "NA RC"]
[PlyCount "118"]
[EventDate "2018.??.??"]
[EventType "swiss"]
[EventCountry "IND"]
[SourceTitle "playchess.com"]
[Source "ChessBase"]
[SourceQuality "1"]
[TimeControl "5400+30"]

{[%evp 8,118,73,42,58,50,120,104,95,80,89,87,91,81,90,73,77,83,98,83,162,145,168,53,41,26,92,78,130,118,136,83,99,81,114,103,188,179,179,165,142,75,74,70,66,33,56,51,56,42,45,7,17,14,18,22,18,13,16,18,18,6,32,8,12,15,17,10,85,71,171,79,181,95,66,183,215,132,195,124,132,0,0,0,0,0,0,0,29991,0,0,-631,-772,-764,-689,-694,-960,-718,-1069,-498,-1151,-1092,-1067,-1250,-1277,-1637,-2052,-2162,-29977,-29983,-29987,-29986,-12846]} 1. d4 {[%emt 0:00:00]} f5 {[%emt 0:00:20]} 2. Nc3 {[%emt 0:00:00]} g6 {[%emt 0:00:34]} 3. e4 {[%emt 0:01:42]} fxe4 {[%emt 0:05:15]} 4. Nxe4 {[%emt 0:00:04]} Bg7 {[%emt 0:00:53]} 5. Nf3 {[%emt 0:02:08]} Nf6 {[%emt 0:01:00] A82: Dutch Defence: Staunton Gambit} (5... d5 6. Nc5 b6 7. Nd3 Nf6 8. Be2 c5 9. dxc5 bxc5 10. c4 O-O 11. O-O Na6 12. cxd5 Qxd5 13. Nde5 e6 14. Qa4 Nc7 15. Be3 Ne4 16. Nc6 {1-0 (16) Atalik,S (2545)-Ugrcic,Z (2030) Belgrade 2017}) 6. Ng3 {[%emt 0:03:43]} e6 {[%emt 0:03:49]} (6... d5 $14) 7. Bd3 {[%emt 0:03:31]} Nc6 {[%emt 0:08:13]} 8. c3 $146 {[%emt 0:00:10]} ({Find the theoretical novelty and annotate with similar games:} 8. h4 O-O 9. h5 Qe8 10. hxg6 hxg6 11. Qe2 Nd5 12. c3 Nce7 13. Bd2 {1-0 (32) Molnar,P (2261)-Jusko,J (1856) Kosice 2010}) 8... Qe7 {[%emt 0:00:55]} 9. O-O {[%emt 0:01:22]} b6 {[%emt 0:03:35]} 10. Re1 {[%emt 0:02:37]} Bb7 {[%emt 0:05:13]} 11. Bg5 {[%emt 0:04:37]} O-O {[%emt 0:06:09]} 12. Qc2 {[%emt 0:05:16]} Qf7 {[%emt 0:13:39]} 13. h4 {[%emt 0:01:51]} Nd5 {[%emt 0:08:43] [#]} (13... Ne7 $16 {was called for.}) 14. h5 $1 {[%emt 0:01:34]} Nce7 {[%emt 0:00:51]} 15. Bxe7 {[%emt 0:13:00]} (15. Ne5 $18 Bxe5 16. dxe5 (16. Rxe5 Kh8 $16)) 15... Nxe7 {[%emt 0:00:39]} 16. hxg6 {[%emt 0:01:26]} hxg6 {[%emt 0:03:19]} (16... Nxg6 $11 {keeps the balance.} 17. Be4 Bxe4 18. Qxe4 (18. Nxe4 Nf4 $11) 18... Nf4) 17. Be4 {[%emt 0:18:26]} c6 {[%emt 0:24:34]} 18. Rad1 {[%emt 0:16:18]} Nf5 {[%emt 0:05:43]} 19. Nf1 {[%emt 0:01:06]} d5 {[%emt 0:02:09]} 20. Bd3 {[%emt 0:02:16]} Bf6 {[%emt 0:00:01]} 21. N1h2 {[%emt 0:06:03]} Kg7 {[%emt 0:04:52]} (21... Rae8 $16 22. Ng4 Qh7 23. Nxf6+ Rxf6) 22. Ng4 {[%emt 0:01:53]} Rae8 {[%emt 0:00:07]} 23. Qc1 {[%emt 0:01:57]} Rh8 {[%emt 0:00:12]} 24. Ng5 {[%emt 0:00:41]} (24. g3 $142) 24... Bxg5 $1 {[%emt 0:01:07]} 25. Qxg5 {[%emt 0:00:03]} Rh5 $1 {[%emt 0:00:30]} 26. Qf4 {[%emt 0:02:01]} Nh6 $1 {[%emt 0:00:07]} 27. Qxf7+ {[%emt 0:01:20]} Nxf7 {[%emt 0:00:02]} 28. f3 {[%emt 0:01:37]} Bc8 {[%emt 0:01:00]} 29. f4 {[%emt 0:01:54]} Rh4 {[%emt 0:00:51]} 30. Ne5 {[%emt 0:00:29]} Nxe5 {[%emt 0:00:17]} 31. fxe5 {[%emt 0:00:24]} c5 {[%emt 0:00:04]} 32. Be2 {[%emt 0:02:07]} Rf8 {[%emt 0:00:32]} 33. g3 {[%emt 0:00:51]} Re4 {[%emt 0:00:35]} 34. Kg2 {[%emt 0:00:46]} Re3 {[%emt 0:01:05]} 35. Bg4 {[%emt 0:00:51]} Rxe1 {[%emt 0:00:15]} 36. Rxe1 {[%emt 0:00:02]} Kh6 {[%emt 0:00:45]} 37. Rh1+ {[%emt 0:01:10]} Kg5 {[%emt 0:00:09]} (37... Kg7 $1 $11 {keeps the balance.}) 38. Be2 {[%emt 0:00:09]} c4 (38... Rf7 $16) 39. Bd1 {[%emt 0:01:00]} (39. Rh7 $18 {is more deadly.}) 39... b5 {[%emt 0:01:16]} (39... Rf7 $16) 40. a3 {[%emt 0:01:04]} ({White should try} 40. Rh7 $18) 40... a5 {[%emt 0:00:31]} 41. Rh7 {[%emt 0:00:42]} b4 {[%emt 0:00:31]} 42. axb4 {[%emt 0:00:59]} (42. Rg7 $18) 42... axb4 {[%emt 0:00:05]} 43. Ba4 {[%emt 0:00:26]} ({White should try} 43. cxb4 $18 Ba6 44. Bc2) 43... b3 {[%emt 0:00:27] [#]} 44. Bb5 $1 {[%emt 0:00:47]} ({Only move:} 44. Ra7 $1 $16) 44... Kf5 {[%emt 0:00:45]} 45. Kf3 {[%emt 0:01:24]} Kg5+ {[%emt 0:00:01]} 46. Kg2 {[%emt 0:00:07]} Kf5 {[%emt 0:00:04]} 47. Kf3 {[%emt 0:00:04]} g5 $2 {[%emt 0:00:38]} 48. Rh6 $2 {[%emt 0:01:00]} (48. Rg7 {mates} g4+ 49. Rxg4 Rf6 50. exf6 Kxf6 51. Rg8 Bd7 52. Bxd7 Ke7 53. Bb5) 48... g4+ {[%emt 0:00:11]} 49. Kg2 $2 {[%emt 0:00:42] [#]} (49. Ke3 $11) 49... Ke4 $1 {[%emt 0:00:44]} 50. Rf6 {[%emt 0:00:29]} Rh8 {[%emt 0:00:37]} 51. Rf4+ {[%emt 0:00:40]} Kd3 {[%emt 0:00:10]} 52. Rf2 {[%emt 0:00:22]} Ke3 {[%emt 0:00:02]} 53. Rf4 {[%emt 0:00:24]} Kd2 {[%emt 0:00:02]} 54. Rf2+ {[%emt 0:00:12]} Kc1 {[%emt 0:00:24]} 55. Bc6 {[%emt 0:00:21]} Rd8 {[%emt 0:01:08]} 56. Bb5 {[%emt 0:01:02]} Bd7 {[%emt 0:00:04]} 57. Bxd7 {[%emt 0:00:37]} Rxd7 {[%emt 0:00:01]} 58. Rf6 {[%emt 0:00:29]} Kxb2 {[%emt 0:00:20]} 59. Rxe6 {[%emt 0:00:13]} Rb7 $19 {[%emt 0:00:29]} 0-1

[Event "Karnataka State Open-ch 2018"]
[Site "Bengaluru"]
[Date "2018.04.18"]
[Round "10"]
[White "Rakshith R, Umesh"]
[Black "Kalki Eshwar D"]
[Result "1-0"]
[WhiteElo "1728"]
[BlackElo "1515"]
[Annotator "NA RC"]
[PlyCount "115"]
[EventDate "2018.??.??"]
[EventType "swiss"]
[EventCountry "IND"]
[SourceTitle "playchess.com"]
[Source "ChessBase"]
[SourceQuality "1"]
[TimeControl "5400+30"]

1. d4 {[%emt 0:00:00]} Nf6 {[%emt 0:00:08]} 2. Nf3 {[%emt 0:00:06]} g6 {[%emt 0:00:07]} 3. Bf4 {[%emt 0:00:36]} Bg7 {[%emt 0:00:08]} 4. e3 {[%emt 0:00:50]} d6 {[%emt 0:00:04]} 5. h3 {[%emt 0:00:39]} O-O {[%emt 0:00:04]} 6. Be2 {[%emt 0:00:37]} c5 {[%emt 0:00:03]} 7. c3 {[%emt 0:01:25]} Nc6 {[%emt 0:00:06]} 8. dxc5 {[%emt 0:02:28]} dxc5 {[%emt 0:00:13]} 9. Qxd8 {[%emt 0:05:49]} Rxd8 {[%emt 0:00:03]} 10. Nbd2 {[%emt 0:00:49]} b6 {[%emt 0:10:01]} 11. Ne5 {[%emt 0:12:35]} Nxe5 {[%emt 0:00:40]} 12. Bxe5 {[%emt 0:00:11]} Bb7 {[%emt 0:00:46]} 13. Bf3 {[%emt 0:01:27]} Bxf3 {[%emt 0:01:58]} 14. gxf3 {[%emt 0:02:27]} Nd5 {[%emt 0:05:06]} 15. Bxg7 {[%emt 0:06:34]} Kxg7 {[%emt 0:00:03]} 16. a4 Nc7 {[%emt 0:07:25]} 17. O-O-O {[%emt 0:09:29]} a6 {[%emt 0:04:50]} 18. Nc4 {[%emt 0:05:43]} Nd5 {[%emt 0:06:33]} 19. Rxd5 {[%emt 0:01:03]} Rxd5 {[%emt 0:00:34]} 20. Nxb6 {[%emt 0:00:07]} Rad8 {[%emt 0:00:16]} 21. Nxd5 {[%emt 0:00:18]} Rxd5 {[%emt 0:00:03]} 22. b4 {[%emt 0:02:07]} cxb4 23. cxb4 {[%emt 0:01:06]} Rf5 {[%emt 0:13:32]} 24. f4 {[%emt 0:00:35]} e5 {[%emt 0:00:07]} 25. Rd1 {[%emt 0:09:10]} exf4 {[%emt 0:00:29]} 26. e4 {[%emt 0:10:14]} Re5 {[%emt 0:01:08]} 27. f3 {[%emt 0:02:25]} Rh5 {[%emt 0:00:00]} 28. Rh1 Rg5 29. h4 {[%emt 0:09:01]} Rg2 {[%emt 0:01:32]} 30. b5 axb5 31. axb5 {[%emt 0:03:00]} Ra2 {[%emt 0:00:17]} 32. Rd1 {[%emt 0:00:23]} Ra8 {[%emt 0:21:09]} 33. Kc2 {[%emt 0:01:57]} Rb8 {[%emt 0:00:30]} 34. Rd5 {[%emt 0:00:06]} Kf6 {[%emt 0:02:16]} 35. Kc3 {[%emt 0:00:39]} h6 {[%emt 0:02:50]} 36. Kc4 {[%emt 0:00:36]} Ke6 {[%emt 0:01:38]} 37. Kc5 {[%emt 0:00:44]} Rc8+ 38. Kd4 {[%emt 0:01:27]} Rb8 {[%emt 0:02:25]} 39. e5 {[%emt 0:01:02]} Rb6 {[%emt 0:00:09]} 40. Rc5 {[%emt 0:00:55]} f6 {[%emt 0:04:06]} 41. exf6 {[%emt 0:01:04]} Kd7 {[%emt 0:11:51]} 42. f7 {[%emt 0:03:13]} Ke7 {[%emt 0:00:08]} 43. Rc7+ {[%emt 0:00:18]} Kf8 {[%emt 0:00:06]} 44. Kc5 {[%emt 0:00:08]} Rb8 {[%emt 0:00:08]} 45. b6 {[%emt 0:00:16]} g5 {[%emt 0:00:04]} 46. hxg5 {[%emt 0:00:31]} hxg5 {[%emt 0:00:10]} 47. b7 {[%emt 0:00:06]} g4 {[%emt 0:00:36]} 48. Rc8+ {[%emt 0:00:16]} Kxf7 {[%emt 0:00:05]} 49. Rxb8 {[%emt 0:00:20]} gxf3 {[%emt 0:00:06]} 50. Rf8+ {[%emt 0:00:28]} Kxf8 {[%emt 0:00:04]} 51. b8=Q+ {[%emt 0:00:05]} Kg7 {[%emt 0:00:05]} 52. Qxf4 {[%emt 0:00:05]} f2 {[%emt 0:00:06]} 53. Qxf2 {[%emt 0:00:04]} Kg6 {[%emt 0:00:03]} 54. Kd5 {[%emt 0:00:11]} Kg5 {[%emt 0:00:04]} 55. Ke5 {[%emt 0:00:06]} Kg4 {[%emt 0:00:06]} 56. Qg2+ {[%emt 0:00:09]} Kh4 {[%emt 0:00:09]} 57. Kf4 {[%emt 0:00:08]} Kh5 {[%emt 0:00:04]} 58. Qg5# {[%emt 0:00:04]} 1-0

[Event "Karnataka State Open-ch 2018"]
[Site "Bengaluru"]
[Date "2018.04.18"]
[Round "10"]
[White "Anand Vittal T R"]
[Black "Manjunath, J.."]
[Result "0-1"]
[WhiteElo "1624"]
[BlackElo "1986"]
[Annotator "NA RC"]
[PlyCount "66"]
[EventDate "2018.??.??"]
[EventType "swiss"]
[EventCountry "IND"]
[SourceTitle "playchess.com"]
[Source "ChessBase"]
[SourceQuality "1"]
[TimeControl "5400+30"]

{[%evp 11,65,-14,0,-19,-16,-41,-27,-52,-30,-15,-17,-12,-19,-33,-31,-40,-41,-72,-46,-131,-104,-79,-75,-60,-74,-217,-206,-199,-208,-219,-220,-232,-223,32767,32767,32767,32767,-258,-312,-304,-200,-274,-256,-244,32767,-249,-239,32767,32767,-243,-224,-545,-627,-916,-990,-29999]} 1. d4 {[%emt 0:00:00]} Nf6 {[%emt 0:00:17]} 2. Nf3 {[%emt 0:00:20]} d5 {[%emt 0:00:13]} 3. Bf4 {[%emt 0:01:27]} c5 {[%emt 0:00:41]} 4. e3 {[%emt 0:01:46]} Nc6 {[%emt 0:00:06]} 5. c3 {[%emt 0:00:32]} Qb6 {[%emt 0:00:34]} 6. Qc1 {[%emt 0:04:18]} Bf5 {[%emt 0:02:24]} 7. Nbd2 {[%emt 0:01:37] LiveBook: 62 Games} e6 {[%emt 0:00:14]} 8. Ne5 {[%emt 0:03:10] D02: 1 d4 d5 2 Nf3 sidelines, including 2...Nf6 3 g3 and 2...Nf6 3 Bf4} (8. a4 a6 9. Be2 Rc8 10. O-O Be7 11. a5 Qd8 12. dxc5 Bxc5 13. Nb3 Be7 14. Nbd4 Bg4 15. Nxc6 Rxc6 {1-0 (59) Firouzja,A (2499)-Wen,Y (2617) Bandar e Anzali 2017}) 8... Rc8 {[%emt 0:06:54]} 9. Nxc6 {[%emt 0:01:55]} Qxc6 $146 {[%emt 0:00:47]} ({Find the theoretical novelty and annotate with similar games:} 9... bxc6 10. Be2 cxd4 11. exd4 c5 12. dxc5 Bxc5 13. O-O O-O 14. Nb3 Bd6 {0-1 (44) Borda,A (2145)-Lekic,D (2402) Basel 2012}) 10. a4 {[%emt 0:00:40]} a6 {[%emt 0:00:02]} 11. Nf3 {[%emt 0:03:30]} Bd6 {[%emt 0:05:05]} 12. Ne5 {[%emt 0:02:22]} Qc7 {[%emt 0:00:25]} 13. Be2 {[%emt 0:09:55]} h6 {[%emt 0:03:46]} 14. Bg3 {[%emt 0:03:11]} Ne4 {[%emt 0:01:41]} 15. f4 {[%emt 0:02:32]} (15. Nf3 $15) 15... Bxe5 {[%emt 0:04:11]} 16. fxe5 {[%emt 0:01:05]} Nxg3 {[%emt 0:01:20]} 17. hxg3 {[%emt 0:00:02]} f6 {[%emt 0:00:24]} 18. exf6 {[%emt 0:10:25]} (18. g4 $17 Be4 19. exf6) 18... Qxg3+ {[%emt 0:00:23]} 19. Kd2 {[%emt 0:00:10] [#]} cxd4 $1 {[%emt 0:09:54]} ({Resist} 19... gxf6 20. dxc5 Rxc5 21. Qe1 $17) ({Not} 19... Qxg2 20. Rg1 $11) 20. exd4 {[%emt 0:02:29] [#]} Qg5+ $1 {[%emt 0:00:44]} ({Resist} 20... gxf6 21. Bf3) 21. Ke1 {[%emt 0:03:29]} Qxg2 {[%emt 0:01:07]} 22. Rf1 {[%emt 0:00:27]} Qg3+ {[%emt 0:00:18]} 23. Kd1 {[%emt 0:00:21]} gxf6 {[%emt 0:00:09]} 24. Rxf5 {[%emt 0:04:46]} exf5 {[%emt 0:01:08]} 25. Kc2 {[%emt 0:00:08]} Rc7 {[%emt 0:01:29]} 26. Kb3 {[%emt 0:01:27]} (26. Qh1 {was called for.}) 26... Re7 {[%emt 0:01:00]} 27. Bh5+ {[%emt 0:00:22]} Kd7 {[%emt 0:01:21]} 28. Qh1 {[%emt 0:00:46]} Kc6 {[%emt 0:02:28]} 29. Rg1 {[%emt 0:01:23]} Qd3 {[%emt 0:00:29]} 30. Rg6 {[%emt 0:01:55]} Rf8 {[%emt 0:01:03]} 31. Bf3 $2 {[%emt 0:03:13]} (31. Bd1 {nothing else works.}) 31... Qc4+ {[%emt 0:01:08]} 32. Ka3 {[%emt 0:04:50]} b5 {[%emt 0:00:13]} 33. Qxh6 {[%emt 0:06:39]} Qxa4# 0-1

[Event "Karnataka State Open-ch 2018"]
[Site "Bengaluru"]
[Date "2018.04.18"]
[Round "10"]
[White "Raghavendra G"]
[Black "Hegde, Ravi Gopal"]
[Result "0-1"]
[WhiteElo "1599"]
[BlackElo "2139"]
[Annotator "TA"]
[PlyCount "52"]
[EventDate "2018.??.??"]
[EventType "swiss"]
[EventCountry "IND"]
[SourceTitle "playchess.com"]
[Source "ChessBase"]
[SourceQuality "1"]

{[%evp 10,52,41,-7,18,29,30,22,33,35,42,0,9,0,9,12,18,-14,0,-7,34,-75,-75,-59,-55,-31,-46,-42,-31,-33,-26,-120,-95,-100,-80,-84,-75,-116,-131,-233,-243,-304,-291,-903,-893]} 1. e4 c6 2. d4 d5 3. Nc3 dxe4 4. Nxe4 Nf6 5. Nxf6+ exf6 6. Bf4 {LiveBook: 7 Games} Qb6 {B15: Caro-Kann: 3 Nc3: 3...g6 and 3...dxe4 4 Nxe4 Nf6 5 Nxf6+ exf6} 7. Qe2+ Be6 8. c3 Be7 {The position is equal.} 9. Nf3 O-O 10. Qd2 $146 ({Predecessor:} 10. Qc2 Re8 11. Be2 c5 12. O-O Nc6 13. Be3 g6 14. Rfe1 Rac8 {½-½ (14) Huber,A (2330)-Werner,C (2350) Germany 1997}) 10... Re8 11. Bd3 Bd5 12. O-O Nd7 13. Nh4 g6 14. c4 Be6 (14... Qxd4 {is interesting.} 15. cxd5 Bb4 16. Nf3 Bxd2 17. Nxd4 Bxf4 18. dxc6 bxc6 19. Nxc6 Re6) 15. d5 (15. Be3 $14 {keeps the upper hand.}) 15... cxd5 $17 16. cxd5 Bxd5 {Threatens to win with ...Ne5.} 17. Bxg6 $1 hxg6 18. Qxd5 Nf8 19. Be3 Qa6 20. Bh6 (20. Rac1 $11) 20... Rad8 $36 {[%mdl 2048] Black is really pushing.} 21. Qb3 Rd3 22. Qc2 Red8 23. Qe2 Ne6 24. Rfe1 (24. h3 $17) 24... Bb4 $19 25. Nxg6 fxg6 (25... Bxe1 26. Ne7+ Kh8 27. Qh5 $18) 26. Qxe6+ $2 {[#]} (26. Qe4 Kh7 27. Qxb4 Kxh6 28. Rac1) 26... Qxe6 {Precision: White = 26%, Black = 58%.} 0-1